Le caves du Vatican / (Record no. 71870)

MARC details
000 -LEADER
campo de control de longitud fija 00602nam a2200193 i 4500
001 - NÚMERO DE CONTROL
campo de control 71870
003 - IDENTIFICADOR DE NÚMERO DE CONTROL
campo de control ES-MaACL
005 - FECHA Y HORA DE LA ÚLTIMA TRANSACCIÓN
campo de control 20240501063036.0
007 - CAMPO FIJO DE DESCRIPCIÓN FÍSICA--INFORMACIÓN GENERAL
campo de control de longitud fija t|
008 - DATOS DE LONGITUD FIJA--INFORMACIÓN GENERAL
campo de control de longitud fija 040819s1972 fr ||||1| fre d
100 1# - ENTRADA PRINCIPAL--NOMBRE DE PERSONA
Nombre de persona Gide, André,
Fechas asociadas al nombre 1869-1951
9 (RLIN) 56674
245 10 - MENCIÓN DEL TÍTULO
Título Le caves du Vatican /
Mención de responsabilidad, etc. André Gide ; illustrations originales de Jacques Thevenet.
260 ## - PUBLICACIÓN, DISTRIBUCIÓN, ETC.
Lugar de publicación, distribución, etc. [París :
Nombre del editor, distribuidor, etc. Rombaldi,
Fecha de publicación, distribución, etc. 1972]
300 ## - DESCRIPCIÓN FÍSICA
Extensión 264 p., 8 lám. ;
Dimensiones 24 cm.
500 ## - NOTA GENERAL
Nota general Premio Nobel de Literatura.
700 1# - ENTRADA AGREGADA--NOMBRE PERSONAL
Nombre de persona Thevenet, Jacques.
9 (RLIN) 109912
852 ## - LOCALIZACIÓN
Ubicación ES-MaACL
Número de control de estantería C-56267
Sublocalización o colección R.88880
Holdings
Estatus retirado Estado de pérdida Estado de daño No para préstamo Biblioteca de origen Biblioteca actual Ubicación en estantería Fecha de adquisición Fuente de adquisición Total de préstamos Signatura topográfica completa Código de barras Visto por última vez Precio de reemplazo Tipo de ítem Koha
        Biblioteca del Ateneo de Madrid Biblioteca del Ateneo de Madrid Depósito 2 17/01/2008     C-56267 1075238 23/02/2023 23/02/2023 Libro impreso